000
00402nam a22001097a 4500
082
_a
900
100
_a
पोल,प्रशांत
_9
82062
245
_a
विनाशपर्व अंग्रेजों का भारत पर राज
260
_a
दिल्ली
_b
सत्साहित्य प्रकाशन
_c
2025
650
_a
इतिहास
942
_c
BK
999
_c
68877
_d
68877